Posun investorov na východ

Investori oceňujú vzdelanú a disponibilnú pracovnú silu na Slovensku. Štruktúra priamych zahraničných investícií v roku 2000 vo vybraných vyspelých krajinách. Priame zahraničné investície na 1 obyvateľa v krajinách V4

Na minha lista:
Detalhes bibliográficos
Autor principal: Onuferová, Marianna
Formato: Capítulo de Livro
Idioma:eslovaco
Assuntos:
Tags: Adicionar Tag
Sem tags, seja o primeiro a adicionar uma tag!

MARC

LEADER 00000naa a2200000 4500
001 r043152
005 20230920073553.8
041 0 |a slo 
044 |a SK 
245 1 0 |a Posun investorov na východ  |c Marianna Onuferová 
520 |a Investori oceňujú vzdelanú a disponibilnú pracovnú silu na Slovensku. Štruktúra priamych zahraničných investícií v roku 2000 vo vybraných vyspelých krajinách. Priame zahraničné investície na 1 obyvateľa v krajinách V4 
610 2 0 |a investície priame zahraničné 
610 2 0 |a SVE 
610 2 0 |a Slovensko 
610 2 0 |a krajiny vyspelé 
610 2 0 |a investori 
610 2 0 |a zdroje ľudské 
610 2 0 |a kvalifikácia 
100 1 |a Onuferová, Marianna